The Railway Children / (Record no. 5216)

MARC details
000 -LEADER
fixed length control field 01206nam a22003137a 4500
001 - CONTROL NUMBER
control field 5216
003 - CONTROL NUMBER IDENTIFIER
control field FISKH
005 - DATE AND TIME OF LATEST TRANSACTION
control field 20241119160450.0
008 - FIXED-LENGTH DATA ELEMENTS--GENERAL INFORMATION
fixed length control field 241119b cb ||||| |||| 00| 0 eng d
020 ## - INTERNATIONAL STANDARD BOOK NUMBER
International Standard Book Number 9780194791281
040 ## - CATALOGING SOURCE
Original cataloging agency FISKH
Language of cataloging eng
Transcribing agency FISKH
Modifying agency FISKH
050 ## - LIBRARY OF CONGRESS CALL NUMBER
Classification number PZ7.N43777
082 ## - DEWEY DECIMAL CLASSIFICATION NUMBER
Classification number 823.8
100 ## - MAIN ENTRY--PERSONAL NAME
Personal name Nesbit, Edith
245 ## - TITLE STATEMENT
Title The Railway Children /
Statement of responsibility, etc. by Edith Nesbit
250 ## - EDITION STATEMENT
Edition statement First published in Oxford Bookworms 1993
260 ## - PUBLICATION, DISTRIBUTION, ETC.
Place of publication, distribution, etc. New York :
Name of publisher, distributor, etc. Oxford University Press ;
Date of publication, distribution, etc. 2003.
300 ## - PHYSICAL DESCRIPTION
Extent 72 pages :
Other physical details illustrations ;
Dimensions 21 cm .
490 ## - SERIES STATEMENT
Series statement Oxford Bookworms
Volume/sequential designation Stage 3
505 ## - FORMATTED CONTENTS NOTE
Formatted contents note U <br/>
520 ## - SUMMARY, ETC.
Summary, etc. Classic Literature. Juvenile Fiction. HTML:<br/>When their father is taken away by strangers, the lives of three children are altered forever. They move with their mother to a cottage by a railway. The railway becomes their playground, and they befriend the rail workers and passengers who eventually help to reunite them with their father.
521 8# - TARGET AUDIENCE NOTE
Target audience note 840 <br/>
Source Lexile <br/>
521 8# - TARGET AUDIENCE NOTE
Target audience note U <br/>
Source Raz-Plus <br/>
650 ## - SUBJECT ADDED ENTRY--TOPICAL TERM
Topical term or geographic name entry element classics
Form subdivision fiction
650 ## - SUBJECT ADDED ENTRY--TOPICAL TERM
Topical term or geographic name entry element Folio Society
Form subdivision fiction
700 ## - ADDED ENTRY--PERSONAL NAME
Personal name Birkett, Rachel
Relator term illustrator
942 ## - ADDED ENTRY ELEMENTS (KOHA)
Source of classification or shelving scheme Dewey Decimal Classification
Koha item type Books
Suppress in OPAC No
Holdings
Withdrawn status Lost status Source of classification or shelving scheme Damaged status Not for loan Collection Home library Current library Shelving location Date acquired Total Checkouts Full call number Barcode Date last seen Price effective from Koha item type
    Dewey Decimal Classification     Fiction Footprints International School Library Network Toul Kork Campus Footprints International School Library Network Toul Kork Campus TTP Secondary Fiction Bookshelves 11/19/2024   NES 823.8 PZ7.N43777 FIS04192 11/19/2024 11/19/2024 Books